| 000 | 00443nab a2200145Ia 4500 | ||
|---|---|---|---|
| 003 | ES-SlBCS | ||
| 005 | 20210601124325.0 | ||
| 008 | 140529s1993 xxu||||| |||| 00| 0 eng d | ||
| 041 | _aeng | ||
| 100 | 1 |
_aScruggs, Thomas E. _9139733 |
|
| 245 | 0 | 0 |
_aSpecial Education and the Problems of Schooling _c Thomas E. Scruggs |
| 650 | 0 | 4 |
_aEducación _986687 |
| 773 | 0 |
_tEducational Theory _gvol. 43, nº. 4, 1993, págs. 433-448 _wRev1399 |
|
| 942 | _cAR | ||
| 999 |
_c512938 _d512938 |
||